Exégesis y hermenéutica

Bewaard in:
Bibliografische gegevens
Hoofdauteur: Barthes, Roland (Auteur)
Formaat: Boek
Taal:Spaans
Gepubliceerd in: Madrid Cristiandad 1976
Reeks:Colección Biblia y Lenguaje, 1
Onderwerpen:
Tags: Voeg label toe
Geen labels, Wees de eerste die dit record labelt!

MARC

LEADER 00000nam a2200000 a 4500
001 UCL1524
003 CL-VaPUC
008 030911e19760000SP |||||||||||||||||spa|d
020 |a 8470572032 
082 0 4 |a 220.601  |b BAR  |2 21 
100 |a Barthes, Roland  |e author  |9 265510 
245 1 0 |a Exégesis y hermenéutica 
300 |a 291 p 
942 |c BK 
945 |d 20030911 00:00:00  |a vberengu 
260 |a Madrid  |b Cristiandad  |c 1976 
650 0 |a Exégesis bíblica  |9 412524 
650 0 |a Hermenéutica  |9 269473 
583 |a last modification  |c 20030911 00:00:00  |k Rodrigo Vera 
490 0 |a Colección Biblia y Lenguaje, 1 
999 |c 305060  |d 305058 
952 |0 0  |1 0  |4 0  |6 220_601000000000000_BAR_1976  |7 0  |8 A  |9 368009  |a BIBTEO  |b BIBTEO  |d 2019-11-21  |i 2077434  |o 220.601 BAR 1976  |p 2077434  |r 2025-01-17  |w 2019-11-21  |y BK  |k ICR